Yā Rabb /

محفوظ في:

المؤلف الرئيسي: Maḥmūd, ʿAbd al-Ḥalīm (مؤلف)

التنسيق: كتاب

اللغة: Arabic

سلاسل: al-Maǧmūʻa al-kāmila li-muʼallafāt al-duktūr ʻAbd al-Ḥalīm Maḥmūd ; 3.

الموضوعات:

الوسوم: إضافة وسم

لا توجد وسوم, كن أول من يضع وسما على هذه التسجيلة!

رقم الطلب:

LEADER 01215nam a2200229Ia 4500
005 20200201013239.0
008 130303s1974 le g 000 0 ara d
100 1 |6 880-01  |a Maḥmūd, ʿAbd al-Ḥalīm,  |e author. 
880 1 |6 100-01/(3/r  |a محمود، عبد الحليم. ‪‪‪‪‪‪‪‪‪‪‪‪‪‪‪‪‪‪‪‪‪‪‪‪‪‪ 
245 1 0 |6 880-02  |a Yā Rabb /  |c ʻAbd al-Ḥalīm Maḥmūd. 
880 1 0 |6 245-02/(3/r  |a يا رب /‪‪‪‪‪‪‪‪‪‪‪‪‪‪‪‪‪‪‪‪‪‪‪‪‪‪  |c عبد الحليم محمود.‪‪‪‪‪‪‪‪‪‪‪‪‪‪‪‪‪‪‪‪‪‪‪‪‪‪ 
264 1 |a Beirut :  |b Dar Al-Kitab Allubnani,  |c 1974. 
300 |a 148 pages ;  |c 25 cm. 
336 |a text  |b txt  |2 rdacontent 
337 |a unmediated  |b n  |2 rdamedia 
338 |a volume  |b nc  |2 rdacarrier 
490 1 |a al-Maǧmūʻa al-kāmila li-muʼallafāt al-duktūr ʻAbd al-Ḥalīm Maḥmūd ;  |v 3 
650 0 |a Islam  |y 20th century.  
830 3 |a al-Maǧmūʻa al-kāmila li-muʼallafāt al-duktūr ʻAbd al-Ḥalīm Maḥmūd ;  |v 3. 
952 |0 0  |1 0  |2 lcc  |4 0  |7 1  |9 27576  |a ARCE  |b ARCE  |d 2022-01-25  |l 0  |r 2022-01-25 00:00:00  |w 2022-01-25  |y BK 
999 |c 24684  |d 24684 
942 |c BK  |2 lcc